000 00861cab a22002055a 4500
001 L142736
008 080305e20080301xxka f 000 0 eng d
035 _a(Sirsi) u142736
041 0 _aeng
100 1 _aMacLeod, Rod
245 0 0 _aUnravelling HMOs
260 _c2008
490 0 _aEstates Gazette
_v(0808) 1 March 2008, 152-153(2)
520 _aConsiders how to value houses in multiple occupations (HMOs). Focuses in particular on Central and Greater London properties, comprising a mix of self contained and non-self contained units or entirely non-self contained rooms. Defines an HMO. Explains the background to HMOs. Comments on hostel buildings.
590 _aKA
650 2 4 _aHOUSING ACT 2004 PART II
651 4 _aEngland and Wales
_y1543-
690 _aPROPERTY-RESIDENTIAL PROPERTY-RESIDENTIAL PROPERTY APPRAISAL AND VALUATION
942 _n0
999 _c79928
_d79928